• 首页
  • 本馆介绍
  • 公告通知
  • 最新文献
  • 馆藏检索
  • 电子资源
  • 读者导购
  • 参考咨询
  • 我的图书馆
  • 登录
  • 详细信息显示
  • 放入我的书架
  • 预约/预借图书
  • 作者相关作品
  • 分类相关作品
  • 丛书相关作品
  • 出版社相关作品

书目信息

  • 表格格式
  • 工作单格式
  • 卡片格式
题名:
群音类选
    
 
作者: 胡文焕 著
分册: 第四册  
出版信息: 北京   中华书局  1980.10
页数: 1995-2616页
开本: 20cm
丛书名:
单 册:
中图分类: I207.3
科图分类:
主题词: 文学--中国
电子资源:
ISBN:
000 00571nam0 2200217 45
001 0312221749
005 20051202082946.76
010    @dCNY2.75
100    @a20031222d1980 km y0chiy0120 ea
101    @achi
102    @aCN@b110000
102    @aCN@b110000
200 1  @a群音类选@AQun Yin Lei Xuan@h第四册@f(明)胡文焕著@F(Ming)Hu Wen Huan Zhu
205    @a影印本
210    @a北京@c中华书局@d1980.10
215    @a1995-2616页@d20cm
606 0  @a文学@x中国
690    @aI207.3@v3
701 0  @a胡文焕@4著
801    @aCN@bTSTCL@c20051202
905    @dI207.3@e10:4@f1@b179357
    
    群音类选.第四册/(明)胡文焕著.-影印本.-北京:中华书局,1980.10
    1995-2616页;20cm
    
    
    ISBN :CNY2.75
    
●
相关链接 在E读中查询图书 在五车中查询图书 在当当中查询图书 在豆瓣中查询图书


正题名:群音类选     索取号:I207.3/10:4         预约/预借

序号 登录号 条形码 馆藏地/架位号 状态 备注
1 0037881   001908369   密集书库/ [索取号:I207.3/10:4] 在馆    
2 0174543   202160197   密集书库/ [索取号:I207.3/10:4] 在馆    
3 0179357   000546494   第一样本阅览室/ [索取号:I207.3/10:4] 在馆    
欢迎您!
大连网信软件有限公司© 版权所有